Trastornos de aprendizaje y de la conducta escolar: psicopatología de la disfunción cerebral infantil
Guardat en:
| Autor principal: | |
|---|---|
| Format: | Llibre |
| Idioma: | espanyol |
| Publicat: |
Santiago
Andrés Bello
1980
|
| Edició: | 3a. ed |
| Matèries: | |
| Etiquetes: |
Afegir etiqueta
Sense etiquetes, Sigues el primer a etiquetar aquest registre!
|
MARC
| LEADER | 00000nam a2200000 a 4500 | ||
|---|---|---|---|
| 001 | UCW5736 | ||
| 003 | CL-VaPUC | ||
| 008 | 910802e19800000CL |||||||||||||||||spa|d | ||
| 082 | 0 | 4 | |a 371.92 |b BRA |2 21 |
| 100 | 0 | |a Bravo Valdivieso, Luis |e author |9 310739 | |
| 245 | 1 | 0 | |a Trastornos de aprendizaje y de la conducta escolar: psicopatología de la disfunción cerebral infantil |
| 250 | |a 3a. ed | ||
| 300 | |a 349 p | ||
| 942 | |c BK | ||
| 945 | |d 19910802 00:00:00 | ||
| 260 | |a Santiago |b Andrés Bello |c 1980 | ||
| 650 | 0 | |a Trastornos de la personalidad |9 307698 | |
| 650 | 0 | |a Trastornos del aprendizaje |9 307969 | |
| 650 | 0 | |a Psicopatología |9 307473 | |
| 650 | 7 | |a INCAPACIDAD DE APRENDIZAJE |2 CL-VaPUC |9 309081 | |
| 650 | 7 | |a NIÑOS APRENDIZAJE LENTO |2 CL-VaPUC |9 310740 | |
| 650 | 0 | |a Psicología del aprendizaje |9 306854 | |
| 583 | |a last modification |c 19910802 00:00:00 |k Rodrigo Vera | ||
| 999 | |c 219076 |d 219074 | ||
| 952 | |0 0 |1 0 |4 0 |6 371_920000000000000_BRA_1980 |7 0 |8 P |9 209577 |a BIBEDU |b BIBEDU |c BIBEDU_PB |d 2019-11-15 |i 277450K |o 371.92 BRA 1980 |p 277450K |r 2024-01-25 |w 2019-11-15 |y BK |k EDU | ||
| 952 | |0 0 |1 0 |4 0 |6 371_920000000000000_BRA_1980 |7 0 |8 P |9 209578 |a BIBEDU |b BIBEDU |c BIBEDU_PB |d 2019-11-15 |i 2774518 |o 371.92 BRA 1980 |p 2774518 |r 2024-01-25 |w 2019-11-15 |y BK |k EDU | ||
| 952 | |0 0 |1 0 |4 0 |6 371_920000000000000_BRA_1980 |7 0 |8 P |9 209579 |a BIBEDU |b BIBEDU |c BIBEDU_PB |d 2019-11-15 |i 2774526 |o 371.92 BRA 1980 |p 2774526 |r 2024-01-25 |w 2019-11-15 |y BK |k EDU | ||
| 952 | |0 0 |1 0 |4 0 |6 371_920000000000000_BRA_1980 |7 0 |8 P |9 209581 |a BIBEDU |b BIBEDU |c BIBEDU_PB |d 2019-11-15 |i 2774542 |o 371.92 BRA 1980 |p 2774542 |r 2024-01-25 |w 2019-11-15 |y BK |k EDU | ||
| 952 | |0 0 |1 0 |4 0 |6 371_920000000000000_BRA_1980 |7 0 |8 A |9 209582 |a FDOPOS |b BIBEDU |d 2019-11-15 |i 2774550 |l 1 |o 371.92 BRA 1980 |p 2774550 |r 2025-01-22 |s 2023-06-20 |w 2019-11-15 |y BK |k MLA | ||
| 952 | |0 0 |1 0 |4 0 |6 371_920000000000000_BRA_1980 |7 0 |8 P |9 209583 |a BIBEDU |b BIBEDU |c BIBEDU_PB |d 2019-11-15 |i 1536966 |o 371.92 BRA 1980 |p 1536966 |r 2024-01-25 |w 2019-11-15 |y BK |k EDU | ||
| 952 | |0 0 |1 0 |4 0 |6 371_920000000000000_BRA_1980 |7 0 |8 P |9 209584 |a BIBEDU |b BIBEDU |c BIBEDU_PB |d 2019-11-15 |i 1536974 |o 371.92 BRA 1980 |p 1536974 |r 2024-01-25 |w 2019-11-15 |y BK |k EDU | ||